| 000 | 00551nam a22001937a 4500 | ||
|---|---|---|---|
| 999 |
_c7674 _d7674 |
||
| 003 | BD-JhCC | ||
| 005 | 20181002173754.0 | ||
| 008 | 180213b2007 bg ||||| |||| 00| 0 ben d | ||
| 035 | _a(BD-JhCC) | ||
| 040 |
_aBD-JhCC _dBD-JhCC |
||
| 041 | _aben | ||
| 082 |
_a301.1553 _bYOU 2007 |
||
| 100 | _aইউনূস, মুহাম্মদ | ||
| 245 |
_aযোগ্য প্রাথী আন্দোলন / _cমুহাম্মদ ইউনূস |
||
| 300 |
_a159 p. : _c22 cm |
||
| 650 | _aLeadership | ||
| 942 |
_2ddc _cBK |
||